00722 2200217 4500001002100000005001500021035002000036007000300056008004100059020002200100082001100122084001700133100001700150245009000167250002600257260003700283300005500320650005200375650004900427504002800476INLIS00000000000407020251119071058 a0010-1125000102ta251119 b 0 ind  a978-602-6725-51-6 a372.35 a372.35 DED h0 aDedi Effendi1 aHafalan Materi IPA SD/MI Kelas 4, 5, & 6 /cDedi Effendi (Penulis); Dini (Penyunting) aCetakan Pertama, 2022 aJakarta Selatan :bBmedia,c2022 avi; 386 Halaman :bIlustrasi; teks; tabel ;c18 cm 4aSains (Pendidikan dasar) - Studi dan pengajaran 4aSains (Pendidikan dasar) - Ujian, soal, dsb. aBibliografi Halaman 385